| 000 | 00718aaa a2200229 a 4500 | ||
|---|---|---|---|
| 001 | 78681 | ||
| 003 | BD-RjUL | ||
| 005 | 20230112103217.0 | ||
| 008 | 211101s1958 ir ||||| |||| 00| 0 per d | ||
| 020 | _a9643151492 | ||
| 035 | _a(BD-RjUL)78907 | ||
| 040 |
_aBD-RjUL _beng _cBD-RjUL |
||
| 041 | _aper | ||
| 082 |
_223 _a891.55 _bKID 1958 |
||
| 100 | 1 |
_aKia, Zahra Khanleri ;; كيا، زهرا خانلري _9173787 |
|
| 245 | _aداستانهاي دل انگيز ادبيات فارسي ;; Dastanhai del Anges adubiat e fersi / | ||
| 250 | _a5th.ed.1377 h | ||
| 260 |
_a[Tihrān] : _bTus ;; انتشارات توس |
||
| 300 |
_a220 pages ; _c22 cm |
||
| 650 |
_aPersian Literature _9249529 |
||
| 942 |
_2ddc _cBK |
||
| 999 |
_c78681 _d78681 |
||